Statistics for 10 Most Mentioned Prophets of Islam in the Qur'an

Click here to take the quiz!

General Stats

  • This quiz has been taken 200 times
  • The average score is 7 of 10

Answer Stats

Prophet#% Correct
Isa/Jesus25
96%
Ibrahim/Abraham69
91%
Musa/Moses136
85%
Nuh/Noah43
75%
Adam25
73%
Yusuf/Joseph27
69%
Ishaq/Isaac17
58%
Lut/Lot27
52%
Sulaiman/Solomon17
46%
Harun/Aaron20
36%

Score Distribution

Percentile by Number Answered

Percent of People with Each Score

Your Score History

You have not taken this quiz